The emirates center for strategic studie (Record no. 10748)

MARC details
000 -LEADER
campo de control de longitud fija 00380nam a2200145Ia 4500
001 - NÚMERO DE CONTROL
campo de control 3758
008 - DATOS DE LONGITUD FIJA--INFORMACIÓN GENERAL
campo de control de longitud fija 241024s9999 xx 000 0 und d
020 ## - NÚMERO INTERNACIONAL ESTÁNDAR DEL LIBRO
Número Internacional Estándar del Libro 978-994814-771-8
082 ## - NÚMERO DE LA CLASIFICACIÓN DECIMAL DEWEY
Número de clasificación 915/EM53
100 ## - ENTRADA PRINCIPAL--NOMBRE DE PERSONA
Nombre de persona [*SIN AUTOR*]
245 #4 - MENCIÓN DEL TÍTULO
Título The emirates center for strategic studie
260 ## - PUBLICACIÓN, DISTRIBUCIÓN, ETC.
Nombre del editor, distribuidor, etc. Abu Dhabi, Emiratos Arabes
Fecha de publicación, distribución, etc. 2014
901 ## - ELEMENTOS DE DATOS A LOCAL LDA (RLIN)
a 14/4/2014 10:40:57 a.m.

No items available.

© 2024. Todos los Derechos Reservados. Desarrollado por IDEICE